| 000 | 00557nam a22001577a 4500 | ||
|---|---|---|---|
| 082 | _a629.8 | ||
| 100 | _aRashid, Usman | ||
| 245 |
_aPerformance of Repetitive Controller under Frequency Variation / _cUsman Rashid |
||
| 260 |
_aIslamabad : _bSMME - NUST, _c2015. |
||
| 300 |
_a98 p. ; _c30cm. |
||
| 650 |
_aRobotics and Intelligent machine Engineering-MS-Thesis _916127 |
||
| 700 |
_aDr. Mohsin Jamil _916128 |
||
| 856 | _uhttp://10.250.8.41:8080/xmlui/handle/123456789/9291 | ||
| 942 |
_2ddc _cTHE |
||
| 999 |
_c541131 _d541131 |
||